书目信息 |
| 题名: |
中国自然地理
|
|
| 作者: | ;中国科学院中国自然地理编辑委员会 编 | |
| 分册: | ||
| 出版信息: | 北京 科学出版社 1981 |
|
| 页数: | 158页 | |
| 开本: | 26cm | |
| 丛书名: | ||
| 单 册: | ||
| 中图分类: | P942 , TV211.1 | |
| 科图分类: | ||
| 主题词: | 自然地理--中国 , 地下水资源--中国 | |
| 电子资源: | ||
| ISBN: | ||
| 000 | 00813nam0 2200265 450 | |
| 001 | 1552459087 | |
| 005 | 20150118143518.12 | |
| 010 | @dCNY3.75 | |
| 091 | @a13031.1504 | |
| 100 | @a19960215d1981 em y0chiy0110 ea | |
| 101 | 0 | @achi |
| 102 | @aCN@b110000 | |
| 105 | @af z 000yy | |
| 200 | 1 | @a中国自然地理@9zhong guo zi ran di li@e地表水@f中国科学院《中国自然地理》编辑委员会编 |
| 210 | @a北京@c科学出版社@d1981 | |
| 215 | @a158页@e附图1袋@d26cm | |
| 517 | 1 | @a地下水@9di xia shui |
| 517 | 1 | @a地表水@Adi biao shui |
| 606 | 0 | @a自然地理@y中国 |
| 606 | 0 | @a地下水资源@y中国 |
| 690 | @aP942@v5 | |
| 690 | @aTV211.1@v5 | |
| 711 | 02 | @a中国科学院中国自然地理编辑委员会@9zhong guo ke xue yuan zhong guo zi ran di li bian ji wei yuan hui@4编 |
| 801 | 0 | @aCN@bTSSF@c20150118 |
| 905 | @aZUCC@dP942@eJY15 | |
| 中国自然地理:地表水/中国科学院《中国自然地理》编辑委员会编.-北京:科学出版社,1981 |
| 158页+附图1袋;26cm |
| ISBN :CNY3.75 |
| ● |
| 相关链接 |
|
|
|
|
正题名:中国自然地理
索取号:P942/JY15
 
预约/预借
| 序号 | 登录号 | 条形码 | 馆藏地/架位号 | 状态 | 备注 |
| 1 | 7848886 | 278488860 | 学院路分馆/ [索取号:P942/JY15] | 在馆 |